000
00201nam a22000857a 4500
008
230504b ||||| |||| 00| 0 eng d
100
_a
H. E. Harris & Co
245
_a
The Stamp Finder
650
_a
Find stamps
999
_c
3521
_d
3521